Mejoramiento del sistema de abastecimiento de agua potable en la Comunidad de Miramar, Municipio de Nagarote, Departamento de León

Aborda el mejoramiento del sistema de abastecimiento de agua potable de la comunidad de Miramar, municipio de Nagarote, departamento de León. El estudio propone una solución a la problemática de la deficiencia del suministro de agua potable en la comunidad, mejorando así la calidad de vida de su...

Full description

Bibliographic Details
Main Author: Cisneros, Yader Antonio
Other Authors: Tutor: Baltodano Maldonado, José Ángel
Format: Tesis Section = Libro
Language:Undetermined
Spanish
Published: Managua UNI 2017
Subjects:
LEADER 01312nam a2200253Ia 4500
008 240830s9999 xx 000 0 und d
040 |a BIBLIOTECA-RUPAP Mon 628.72 C579 
041 |a spa 
082 |a Mon 628.72 C579 
100 1 |a Cisneros, Yader Antonio 
245 1 0 |a Mejoramiento del sistema de abastecimiento de agua potable en la Comunidad de Miramar, Municipio de Nagarote, Departamento de León 
260 |a Managua  |b UNI  |c 2017 
300 |a 139 p. :il. 
500 |a Contiene: anexos y CD. 
502 |a Tesis (Ingeniero Agrícola)- UNI, 2017. 
520 3 |a Aborda el mejoramiento del sistema de abastecimiento de agua potable de la comunidad de Miramar, municipio de Nagarote, departamento de León. El estudio propone una solución a la problemática de la deficiencia del suministro de agua potable en la comunidad, mejorando así la calidad de vida de sus habitantes, a través del diseño de un adecuado sistema de abastecimiento de agua potable, que cumpla con todos los aspectos técnico, social y económico de esta comunidad. 
650 7 |a AGUA POTABLE-DISEÑO 
650 7 |b ABASTECIMIETO DE AGUA-SISTEMA 
650 7 |c CALIDAD DEL AGUA 
650 7 |d INGENIERIA HIDRAULICA 
700 1 |a Tutor:  |b Baltodano Maldonado, José Ángel 
942 |c BK  |2 ddc 
991 |a TESIS 
999 |c 16473